| 000 | 00893nam a2200241 i 4500 | ||
|---|---|---|---|
| 001 | bg | ||
| 245 | 0 | 0 |
_aRolnictwo województwa zachodniopomorskiego w latach 1998-1999 / _cUrząd Statystyczny w Szczecinie ; [oprac. zespół pod kier. Alfredy Gibowskiej]. |
| 246 | 1 | 1 | _aAgriculture of zachodniopomorskie voivodship in 1998-1999 |
| 260 |
_aSzczecin : _bUS, _c2000. |
||
| 300 |
_a93 s. : _bwykr. kolor. + _e24 cm. |
||
| 500 | _aTyt. równol.: griculture of zachodniopomorskie voivodship in 1998-1999". | ||
| 650 | 9 |
_aRolnictwo _zPolska _yod 1989 r. |
|
| 650 | 9 |
_aSzczecin (okręg) _xrolnictwo _yod 1989 r. |
|
| 700 | 1 |
_aGIBOWSKA, Alfreda. _eOprac. |
|
| 710 | 0 | _aUrząd Statystyczny (Szczecin) | |
| 020 | _a8391221415 | ||
| 040 | _cBPK | ||
| 041 | 0 |
_apl _ben |
|
| 080 | _a63(438)"1989/..."(083.41) | ||
| 920 | _a83-912214-1-5 | ||
| 942 | _cKS | ||
| 008 | s pl f |000 0 pol | ||
| 999 |
_c35669 _d35669 |
||
| 856 |
_uhttp://koha.tu.koszalin.pl/cgi-bin/koha/opac-detail.pl?biblionumber=35669 _yKatalog online BPK |
||